[Event "Regionalliga SW 9900"]
[Site "Bayern"]
[Date "2000.??.??"]
[Round "5.8"]
[White "Holzmann, Helmut"]
[Black "Celepsoy, Korel"]
[Result "0-1"]
[WhiteElo "1730"]
[BlackElo "1605"]
[PlyCount "110"]
[EventDate "1999.??.??"]
[EventType "team-tourn"]
[EventRounds "9"]
[EventCountry "GER"]
[SourceTitle "EXT 2020"]
[Source "ChessBase"]
[SourceDate "2019.10.17"]
[SourceVersion "1"]
[SourceVersionDate "2019.10.17"]
[SourceQuality "1"]
[WhiteTeam "Noerdlingen"]
[BlackTeam "Pasing II"]
[WhiteTeamCountry "GER"]
[BlackTeamCountry "GER"]

1. e4 c5 2. Nf3 d6 3. d4 cxd4 4. Nxd4 Nf6 5. Nc3 g6 6. Bc4 Bg7 7. f3 Nc6 8. Be3 0-0 9. Qd2 Bd7 10. 0-0-0 Rc8 11. Bb3 Ne5 12. Kb1 Nc4 13. Bxc4 Rxc4 14. g4 a6 15. Nde2 Be6 16. e5 Ne8 17. exd6 Qxd6 18. Ne4 Qxd2 19. Rxd2 Bxg4 20. Ng5 Bf5 21. Ng3 Nd6 22. f4 h6 23. Nf3 Ne4 24. Nxf5 gxf5 25. Rd7 Rb4 26. Ne5 Bxe5 27. fxe5 Ng5 28. Rxe7 Re4 29. Bc1 Kh7 30. Rxb7 Rxe5 31. Ra7 Re4 32. Rf1 Kg6 33. Rxa6+ f6 34. Ra5 Re5 35. h4 Ne4 36. Rg1+ Kh5 37. Ra3 Rfe8 38. Rf3 Nd6 39. b3 R8e6 40. Bb2 Re1+ 41. Rxe1 Rxe1+ 42. Bc1 Kg4 43. Rd3 Ne4 44. Kb2 f4 45. Bxf4 Kxf4 46. a4 Ke5 47. Rd8 Rg1 48. a5 Rg7 49. b4 Nd6 50. Kb3 f5 51. Ka4 f4 52. Rf8 Nf5 53. Re8+ Kd6 54. Rf8 Ke6 55. a6 f3 0-1

[Event "Regionalliga SW 9899"]
[Site "Bayern"]
[Date "1999.??.??"]
[Round "5.8"]
[White "Poehlmann, Philipp"]
[Black "Holzmann, Helmut"]
[Result "1/2-1/2"]
[WhiteElo "1690"]
[BlackElo "1765"]
[PlyCount "125"]
[EventDate "1998.??.??"]
[EventType "team-tourn"]
[EventRounds "9"]
[EventCountry "GER"]
[SourceTitle "EXT 2020"]
[Source "ChessBase"]
[SourceDate "2019.10.17"]
[SourceVersion "1"]
[SourceVersionDate "2019.10.17"]
[SourceQuality "1"]
[WhiteTeam "Pasing II"]
[BlackTeam "Noerdlingen"]
[WhiteTeamCountry "GER"]
[BlackTeamCountry "GER"]

1. d4 d5 2. c4 c6 3. Nc3 Nf6 4. Bg5 e6 5. e3 Be7 6. Bd3 0-0 7. Nge2 h6 8. Bh4 Nbd7 9. 0-0 dxc4 10. Bxc4 Nd5 11. Bxe7 Qxe7 12. Ng3 N7b6 13. Bb3 Nf6 14. Nh5 e5 15. Nxf6+ Qxf6 16. dxe5 Qxe5 17. Qe2 Rd8 18. Rad1 Be6 19. Bxe6 Qxe6 20. h3 Nd5 21. Na4 Qe7 22. Rd4 Nf6 23. Rfd1 Rxd4 24. Rxd4 Rd8 25. Qd1 Rxd4 26. Qxd4 b6 27. Nc3 c5 28. Qa4 a5 29. Qc6 Qd8 30. Kf1 Kf8 31. Ke2 Kg8 32. a3 g6 33. g3 Kg7 34. Na4 Qd7 35. Qxd7 Nxd7 36. f4 b5 37. Nc3 b4 38. Na4 c4 39. e4 g5 40. fxg5 hxg5 41. Ke3 Kf6 42. Kd4 c3 43. Kd3 cxb2 44. Kc2 bxa3 45. Nc3 Nc5 46. h4 gxh4 47. gxh4 Kg6 48. e5 Kh5 49. Nb5 Kxh4 50. Nxa3 Kg5 51. Nc4 a4 52. Kxb2 Kf5 53. Ka3 Ke6 54. Kb4 Nd3+ 55. Kxa4 Nxe5 56. Ne3 Nf3 57. Kb3 Ke5 58. Kc3 Ke4 59. Nc4 f6 60. Kc2 Kd4 61. Nd6 Ke5 62. Nc4+ Ke6 63. Ne3 1/2-1/2

[Event "Regionalliga SW 9899"]
[Site "Bayern"]
[Date "1999.??.??"]
[Round "7.7"]
[White "Wiest, Leonhard"]
[Black "Holzmann, Helmut"]
[Result "1-0"]
[WhiteElo "1975"]
[BlackElo "1765"]
[PlyCount "85"]
[EventDate "1998.??.??"]
[EventType "team-tourn"]
[EventRounds "9"]
[EventCountry "GER"]
[SourceTitle "EXT 2020"]
[Source "ChessBase"]
[SourceDate "2019.10.17"]
[SourceVersion "1"]
[SourceVersionDate "2019.10.17"]
[SourceQuality "1"]
[WhiteTeam "Lauingen"]
[BlackTeam "Noerdlingen"]
[WhiteTeamCountry "GER"]
[BlackTeamCountry "GER"]

1. f4 Nf6 2. Nf3 d5 3. b3 c5 4. e3 Nc6 5. Bb5 Bg4 6. Bxc6+ bxc6 7. h3 Bxf3 8. Qxf3 e6 9. 0-0 g6 10. Bb2 Bg7 11. d3 0-0 12. Qe2 Nd7 13. Bxg7 Kxg7 14. Nd2 a5 15. a4 Qc7 16. e4 Rae8 17. Rae1 f6 18. h4 Qd8 19. Qf2 Qb8 20. Re3 Qd8 21. Rfe1 f5 22. e5 h5 23. Nf3 Rg8 24. d4 cxd4 25. Nxd4 c5 26. Nb5 d4 27. Rd3 Qe7 28. c3 dxc3 29. Rxc3 Rc8 30. Rec1 Rc6 31. g3 Rb8 32. Rd1 Rcb6 33. Rd6 R8b7 34. Rcd3 Rxd6 35. Rxd6 Rb6 36. Qd2 Rxd6 37. Nxd6 Qd8 38. Nc4 Qc7 39. Nxa5 Nb6 40. Qd6 Qxd6 41. exd6 Kf7 42. Nb7 Nd7 43. a5 1-0

[Event "Regionalliga SW 9899"]
[Site "Bayern"]
[Date "1998.??.??"]
[Round "3.8"]
[White "Foerch, August"]
[Black "Holzmann, Helmut"]
[Result "1-0"]
[WhiteElo "1960"]
[BlackElo "1765"]
[PlyCount "99"]
[EventDate "1998.??.??"]
[EventType "team-tourn"]
[EventRounds "9"]
[EventCountry "GER"]
[SourceTitle "EXT 2020"]
[Source "ChessBase"]
[SourceDate "2019.10.17"]
[SourceVersion "1"]
[SourceVersionDate "2019.10.17"]
[SourceQuality "1"]
[WhiteTeam "Tuerkheim"]
[BlackTeam "Noerdlingen"]
[WhiteTeamCountry "GER"]
[BlackTeamCountry "GER"]

1. d4 d5 2. Nf3 Nf6 3. Nc3 e6 4. e3 Be7 5. Bd3 0-0 6. 0-0 c5 7. a3 Nc6 8. Bb5 Bd7 9. Bxc6 Bxc6 10. Ne5 a6 11. Re1 Rc8 12. Ne2 b5 13. Ng3 Qb6 14. c3 h6 15. Ng4 Nxg4 16. Qxg4 f5 17. Qe2 Be8 18. Kh1 Qc7 19. Nf1 Kh8 20. Bd2 Bf6 21. Rac1 Qe7 22. dxc5 Qxc5 23. c4 Qb6 24. c5 Qb7 25. b4 Bc6 26. f3 Rfe8 27. Bc3 Bxc3 28. Rxc3 Qf7 29. Nd2 Qf6 30. Rcc1 Qb2 31. Qd3 Qf6 32. Nb3 Red8 33. Rcd1 Re8 34. Na5 Rf8 35. Kg1 Rfe8 36. Qd4 Kg8 37. Qd2 Kf7 38. Re2 Re7 39. Rde1 Rcc7 40. Qc2 g6 41. Qd2 g5 42. Qc2 Rc8 43. Rd2 Rcc7 44. e4 dxe4 45. fxe4 Kg7 46. e5 Qf7 47. Rd6 Bd5 48. Rxa6 Ra7 49. Rd6 f4 50. Qe2 1-0

[Event "Regionalliga SW 9798"]
[Site "Bayern"]
[Date "1998.??.??"]
[Round "?.7"]
[White "Holzmann, Helmut"]
[Black "Nierlich, Gerhard"]
[Result "0-1"]
[WhiteElo "1730"]
[BlackElo "1865"]
[PlyCount "100"]
[EventDate "1997.10.??"]
[EventType "team-tourn"]
[EventRounds "9"]
[EventCountry "GER"]
[SourceTitle "EXT 2020"]
[Source "ChessBase"]
[SourceDate "2019.10.17"]
[SourceVersion "1"]
[SourceVersionDate "2019.10.17"]
[SourceQuality "1"]
[WhiteTeam "Noerdlingen"]
[BlackTeam "Lauingen"]
[WhiteTeamCountry "GER"]
[BlackTeamCountry "GER"]

1. e4 c5 2. Nf3 d6 3. d4 cxd4 4. Nxd4 Nf6 5. Nc3 a6 6. f3 e6 7. Be3 Be7 8. Qd2 Qc7 9. Bd3 Nbd7 10. 0-0 Ne5 11. Rac1 Nc4 12. Bxc4 Qxc4 13. Qd3 Qc7 14. Nce2 d5 15. exd5 Nxd5 16. Bf2 0-0 17. c4 Nb4 18. Qb3 e5 19. Nc2 Nxc2 20. Rxc2 Be6 21. Qb6 Rac8 22. b3 Bc5 23. Qxc7 Rxc7 24. Bxc5 Rxc5 25. Rd2 Rfc8 26. Rfd1 f5 27. Kf2 b5 28. cxb5 axb5 29. Rd8+ Kf7 30. Rxc8 Rxc8 31. Rd2 Ke7 32. Ke3 g5 33. g3 h6 34. Kf2 Rc7 35. Ke3 Rc8 36. Kf2 Rc5 37. Ke3 Rc6 38. Kf2 Rc5 39. Ke3 h5 40. Kf2 Rc8 41. Ke3 h4 42. f4 gxf4+ 43. gxf4 e4 44. Kf2 Rg8 45. Nd4 Bd7 46. Ne2 Rg4 47. Rd4 h3 48. Ng3 Rxf4+ 49. Ke1 Rf3 50. Rb4 Rxg3 0-1

[Event "Regionalliga SW 9798"]
[Site "Bayern"]
[Date "1998.??.??"]
[Round "?.7"]
[White "Holzmann, Helmut"]
[Black "Taschner, Siegfried"]
[Result "1-0"]
[WhiteElo "1745"]
[BlackElo "1730"]
[PlyCount "25"]
[EventDate "1997.10.??"]
[EventType "team-tourn"]
[EventRounds "9"]
[EventCountry "GER"]
[SourceTitle "EXT 2020"]
[Source "ChessBase"]
[SourceDate "2019.10.17"]
[SourceVersion "1"]
[SourceVersionDate "2019.10.17"]
[SourceQuality "1"]
[WhiteTeam "Noerdlingen"]
[BlackTeam "Muenchen Suedost"]
[WhiteTeamCountry "GER"]
[BlackTeamCountry "GER"]

1. e4 e5 2. Nf3 Nf6 3. Nxe5 d6 4. Nf3 Nxe4 5. d4 d5 6. Bd3 Be7 7. 0-0 0-0 8. Bf4 Bg4 9. h3 Bh5 10. Nbd2 Nxd2 11. Bxd2 Bxf3 12. Qxf3 Bg5 13. Qf5 1-0

[Event "Regionalliga SW 9697"]
[Site "Bayern"]
[Date "1997.??.??"]
[Round "?"]
[White "Dihm, Daniel"]
[Black "Holzmann, Helmut"]
[Result "1-0"]
[WhiteElo "1815"]
[BlackElo "1740"]
[PlyCount "47"]
[EventDate "1996.10.??"]
[EventType "team-tourn"]
[EventRounds "9"]
[EventCountry "GER"]
[SourceTitle "EXT 1999"]
[Source "ChessBase"]
[SourceDate "1998.11.16"]
[SourceVersion "1"]
[SourceVersionDate "1998.11.16"]
[SourceQuality "1"]
[WhiteTeam "Garching"]
[BlackTeam "Noerdlingen"]
[WhiteTeamCountry "GER"]
[BlackTeamCountry "GER"]

1. d4 Nf6 2. c4 c6 3. Nf3 d5 4. Nc3 e6 5. e3 Be7 6. Bd3 0-0 7. 0-0 Nbd7 8. b3 c5 9. Bb2 Nb6 10. Ne5 dxc4 11. bxc4 Nfd7 12. f4 cxd4 13. exd4 Nf6 14. Kh1 Bd7 15. Rc1 Rc8 16. Ne4 Bc6 17. Nxf6+ Bxf6 18. Qe2 Qe7 19. Rc3 Na4 20. Bxh7+ Kxh7 21. Rh3+ Kg8 22. Ba3 Qc7 23. Qh5 Bxg2+ 24. Kxg2 1-0